Derecho Procesal Civil /

Incluye: Ciencia del Derecho Procesal; Doctrina del Derecho Procesal Civil; Necesidad de la Justicia Estatal; Doctrina de la Jurisdicción; Competencia; Proceso; Acumulación; Sujetos del Proceso; Actos Procesales; De la Acción Procesal; Doctrina de la Excepción; Garantías Constitucionales Relativas a...

詳細記述

保存先:
書誌詳細
第一著者: Pallares, Eduardo (autor)
フォーマット: 図書
言語:スペイン語
出版事項: México : Porrúa, 1986
版:12a edición
主題:
タグ: タグ追加
タグなし, このレコードへの初めてのタグを付けませんか!

MARC

LEADER 00000nam^a2200000^a^4500
001 000022396
005 20250521000000.0
009 20260310084453.867
020 |a 968-432-039-6 
037 |a Acervo ITESO - Biblioteca 
041 |a ESP 
082 |a 345. 05  |b PAL 
100 |a Pallares, Eduardo  |e (autor) 
245 1 0 |a Derecho Procesal Civil /  |c Eduardo Pallares. 
250 |a 12a edición 
264 1 |a México :  |b Porrúa,  |c 1986 
300 |a 702 p. 
336 |a texto  |b txt  |2 rdacontenido 
337 |a sin mediación  |b n  |2 rdamedio 
338 |a volumen  |b nc  |2 rdasoporte 
520 |a Incluye: Ciencia del Derecho Procesal; Doctrina del Derecho Procesal Civil; Necesidad de la Justicia Estatal; Doctrina de la Jurisdicción; Competencia; Proceso; Acumulación; Sujetos del Proceso; Actos Procesales; De la Acción Procesal; Doctrina de la Excepción; Garantías Constitucionales Relativas al Proceso; Organización Judicial en México; De los Medios Preparatorios del Juicio; Doctrina de la Prueba; Sentencia y Cosa Juzgada; Recursos; Medios de Impugnación; Vía de Apremio-Embargo-Remate; Ejecución de las Resoluciones Dictadas por los Tribunales de los Estados; y otros temas más. 
649 |a XX 
650 |a Derecho Público 
650 |a Derecho Procesal Civil -  |z México 
650 |a Procedimientos Civiles -  |z México 
650 |a Derecho Privado 
910 |a Fondo General 
920 |a Impresos - Libros 
930 |a Colección General 
905 |a 101 
901 |a 0500013454  |b IT1  |c ACC  |i 905139  |u 20250521 
901 |a 0500020762  |b IT1  |c ACC  |u 20250521 
902 |a https://opac.biblio.iteso.mx/vufind/Record/000022396